यशोधन (Record no. 92793)

MARC details
000 -LEADER
fixed length control field 00527nam a2200181Ia 4500
008 - FIXED-LENGTH DATA ELEMENTS--GENERAL INFORMATION
fixed length control field 090124s9999 xx 000 0 und d
082 ## - DEWEY DECIMAL CLASSIFICATION NUMBER
Item number 24455
100 ## - MAIN ENTRY--PERSONAL NAME
Personal name चव्हाण यशवंतराव
245 ## - TITLE STATEMENT
Title यशोधन
250 ## - EDITION STATEMENT
Edition statement 2
260 ## - PUBLICATION, DISTRIBUTION, ETC. (IMPRINT)
Name of publisher, distributor, etc साकेत प्रकाशन
Date of publication, distribution, etc 1986
300 ## - PHYSICAL DESCRIPTION
Extent 60
600 ## - SUBJECT ADDED ENTRY--PERSONAL NAME
Personal name चव्हाण यशवंतराव
630 ## - SUBJECT ADDED ENTRY--UNIFORM TITLE
Uniform title यशोधन
700 ## - ADDED ENTRY--PERSONAL NAME
Personal name चव्हाण यशवंतराव
730 ## - ADDED ENTRY--UNIFORM TITLE
Uniform title यशोधन
942 ## - ADDED ENTRY ELEMENTS (KOHA)
Koha item type Book
Holdings
Withdrawn status Lost status Damaged status Not for loan Home library Current library Date acquired Cost, normal purchase price Total Checkouts Full call number Barcode Date last seen Cost, replacement price Price effective from Koha item type
        Nagar Wachan Mandir, Thane Nagar Wachan Mandir, Thane   20.00   24455 THNNWM-24455 01/24/2009 20.00 01/24/2009 Book